=LDR 00000nam 2200000 4500 =001 000847 =005 20250712011906 =035 ##$$a 0010-0725000721 =007 ta =008 250712################a##########0#ind## =020 ##$$a 978-623-172-024-2 =082 ##$$a 398.209 598 =084 ##$$a 398.209 598 MAN c =100 #$$a manandhar shantdas =245 1#$$a chunu&munu : $b ayo,kita bermain! /$c shantdas manandhar =250 ##$$a pertama =260 ##$$a jakarta :$b badan pengembangan dan pembinaan bahasa,$c 2022 =300 ##$$a 16hlm. : $b ilus. ; $c 22,9cm =650 #4$$a cerita anak indonesia terjemahan =650 #4$$a literasi bahan bacaan =990 ##$$a TBM202400823